|
|
|
|
| LEADER |
00000nam0a2200000 4500 |
| 001 |
189830 |
| 005 |
20231101224233.0 |
| 010 |
|
|
|a 9780578065014
|
| 035 |
|
|
|a (RuTPU)RU\TPU\book\206559
|
| 090 |
|
|
|a 189830
|
| 100 |
|
|
|a 20110112d2010 k y0rusy50 ca
|
| 101 |
0 |
|
|a eng
|
| 102 |
|
|
|a US
|
| 105 |
|
|
|a a z 001zy
|
| 200 |
1 |
|
|a The energy imperative
|f Ph. Rae, l. Kalfayan, M. J. Economides
|
| 210 |
|
|
|a Houston
|c ET Publishing
|d 2010
|
| 215 |
|
|
|a 313 с.
|c il.
|
| 320 |
|
|
|a References: p. 299-302.
|
| 320 |
|
|
|a Index: p. 303-313.
|
| 606 |
1 |
|
|a Энергетика
|x Экономика
|2 stltpush
|3 (RuTPU)RU\TPU\subj\21211
|9 46235
|
| 610 |
1 |
|
|a энергия
|
| 610 |
1 |
|
|a энергетика
|
| 610 |
1 |
|
|a энергетические ресурсы
|
| 610 |
1 |
|
|a энергоносители
|
| 610 |
1 |
|
|a энергообеспечение
|
| 610 |
1 |
|
|a энергопотребление
|
| 610 |
1 |
|
|a экономика
|
| 610 |
1 |
|
|a прогнозирование
|
| 610 |
1 |
|
|a мировые запасы
|
| 610 |
1 |
|
|a энергетический императив
|
| 610 |
1 |
|
|a английский язык
|
| 675 |
|
|
|a 620.9:658
|v 3
|
| 700 |
|
1 |
|a Rae
|b Ph.
|g Phil
|
| 701 |
|
1 |
|a Kalfayan
|b l.
|g Leonard
|
| 701 |
|
1 |
|a Economides
|b M. J.
|g Michael
|
| 801 |
|
1 |
|a RU
|b 63413507
|c 20110112
|
| 801 |
|
2 |
|a RU
|b 63413507
|c 20110124
|g RCR
|
| 942 |
|
|
|c BK
|